HEMATOLOGY: FOR STUDENTS AND PRACTITIONERS INCLUDING PRACTICAL HEMATOLOGY (Record no. 8900)

MARC details
000 -LEADER
fixed length control field 00500nam a22001817a 4500
005 - DATE AND TIME OF LATEST TRANSACTION
control field 20251204163119.0
008 - FIXED-LENGTH DATA ELEMENTS--GENERAL INFORMATION
fixed length control field 251008b |||||||| |||| 00| 0 eng d
020 ## - INTERNATIONAL STANDARD BOOK NUMBER
ISBN 978-98-5466-458-8
041 ## - LANGUAGE CODE
Language code of text/sound track or separate title eng
082 ## - DEWEY DECIMAL CLASSIFICATION NUMBER
Classification number 616.07 SOO-H
100 ## - MAIN ENTRY--AUTHOR NAME
Personal name SOOD, RAMNIK
245 ## - TITLE STATEMENT
Title HEMATOLOGY: FOR STUDENTS AND PRACTITIONERS INCLUDING PRACTICAL HEMATOLOGY
250 ## - EDITION STATEMENT
Edition statement 7 TH ED.
260 ## - PUBLICATION, DISTRIBUTION, ETC. (IMPRINT)
Place of publication NEW DELHI
Name of publisher C.B.S PUBLISHERS
300 ## - PHYSICAL DESCRIPTION
Number of Pages 805;P
650 ## - SUBJECT ADDED ENTRY--TOPICAL TERM
Topical Term PARAMEDICAL
General subdivision BMIRT/BMLT
942 ## - ADDED ENTRY ELEMENTS (KOHA)
Koha item type Books
Holdings
Lost status Damaged status Collection code Home library Current library Date acquired Source of acquisition Cost, normal purchase price Serial Enumeration / chronology Full call number Accession Number Koha item type Shelving location
    PARAMEDICAL JRU Library JRU Library 08/10/2025 PURCHASE 2225.00 LBI/000780. DATE-4-10-2025 616.15 28976 Books  
    PARAMEDICAL JRU Library JRU Library 08/10/2025 PURCHASE 2225.00 LBI/000780. DATE-4-10-2025 616.15 28977 Books SHELF-106-A
    PARAMEDICAL JRU Library JRU Library 08/10/2025 PURCHASE 2225.00 LBI/000780. DATE-4-10-2025 616.15 28978 Books SHELF-106-A
    PARAMEDICAL JRU Library JRU Library 08/10/2025 PURCHASE 2225.00 LBI/000780. DATE-4-10-2025 616.15 28979 Books SHELF-106-A
    PARAMEDICAL JRU Library JRU Library 08/10/2025 PURCHASE 2225.00 LBI/000780. DATE-4-10-2025 616.15 28980 Books SHELF-106-A
    Bachelor of Medical Laboratory Technology JRU Library JRU Library 01/12/2025 PURCHASE 4995.00 LBI-000811/28-11-2025 616.07SOO-H 29223 Books SHELF-106-A
    Bachelor of Medical Laboratory Technology JRU Library JRU Library 01/12/2025 PURCHASE 4995.00 LBI-000811/28-11-2025 616.07SOO-H 29224 Books SHELF-106-A